Biggest Cities in the United Kingdom - Extreme - Statistics

General Stats
  • This quiz has been taken 953 times
    928 since last reset
  • The average score is 60 of 113
Answer Stats
Population City % Correct
8,869,898 London
99%
1,140,754 Birmingham
98%
549,305 Manchester
98%
612,040 Glasgow
97%
571,733 Liverpool
97%
488,050 Edinburgh
95%
500,155 Leeds
95%
349,941 Cardiff
92%
282,708 Newcastle upon Tyne
91%
567,111 Bristol
90%
200,680 Aberdeen
89%
334,420 Belfast
89%
155,806 Cambridge (/Milton)
88%
541,763 Sheffield
88%
271,173 Southampton
86%
464,395 Leicester
85%
308,273 Nottingham
85%
170,350 Oxford
85%
161,865 York
85%
242,858 Brighton and Hove
83%
242,352 Plymouth
82%
288,301 Kingston upon Hull (Hull)
81%
184,094 Swansea
81%
248,440 Portsmouth
80%
195,971 Norwich
79%
274,810 Stoke-on-Trent
75%
229,127 Northampton
73%
144,857 Blackpool
72%
362,690 Coventry
72%
148,280 Dundee
72%
360,145 Bradford
71%
262,971 Derby
71%
215,671 Wolverhampton
70%
227,887 Reading
69%
201,701 Bournemouth
68%
84,750 Derry (Londonderry)
68%
100,575 Bath
67%
124,180 Exeter
67%
175,595 Sunderland
67%
87,507 Chester
65%
225,033 Luton
64%
176,625 Middlesbrough
64%
145,563 Gloucester
63%
104,517 Lincoln
61%
131,308 Newport
60%
103,753 Worcester
60%
200,516 Bolton
59%
174,102 Peterborough
58%
99,489 Preston
58%
181,711 Southend-on-Sea
58%
182,265 Milton Keynes
56%
118,145 Blackburn
55%
131,404 Colchester
55%
169,928 Huddersfield
55%
113,043 Doncaster
53%
189,553 Swindon
53%
82,002 Burnley
51%
140,922 Watford
51%
106,245 Wigan
49%
162,467 Slough
47%
96,082 Barnsley
45%
110,200 Rotherham
44%
88,099 Grimsby
42%
103,792 Oldham
42%
115,369 Chelmsford
41%
118,298 Cheltenham
41%
114,183 Salford
40%
103,351 Wakefield
39%
92,407 Bedford
38%
113,165 Eastbourne
38%
158,835 Poole
38%
109,637 Stockport
38%
171,058 Warrington
38%
143,835 Birkenhead
36%
110,194 Rochdale
36%
88,996 Chesterfield
35%
91,271 Halifax
35%
93,001 Hastings
35%
86,454 St Albans
35%
111,712 Crawley
34%
116,316 Maidstone
34%
93,199 Southport
33%
89,608 Hartlepool
32%
80,591 Mansfield
32%
147,522 Telford
32%
106,275 Woking
32%
92,392 Darlington
31%
113,776 Basingstoke
30%
108,985 Gillingham
30%
82,334 Scunthorpe
30%
93,222 Stevenage
30%
125,257 High Wycombe
29%
104,296 St Helens
29%
121,367 Gateshead
28%
85,009 Guildford
28%
114,308 Basildon
27%
126,445 Solihull
27%
87,584 Weston-super-Mare
27%
113,221 Worthing
26%
82,814 Dudley
23%
87,814 Nuneaton
22%
137,382 Sale
22%
83,925 Stockton-on-Tees
22%
101,159 Hemel Hempstead
20%
108,325 Sutton Coldfield
19%
83,407 Aylesbury
18%
86,119 Harlow
17%
81,113 Eastleigh
14%
80,965 Chatham
13%
98,432 Rayleigh
13%
82,799 Redditch
13%
82,839 Bracknell
12%
82,480 Batley
7%
No matching quizzes found
Score Distribution
Percent of People with Each Score
Percentile by Number Answered
Your Score History
You have not taken this quiz since the last reset